[Event "34th European Club Cup 2018"]
[Site "Halkidiki"]
[Date "2018.10.15"]
[Round "4"]
[White "Beerdsen, Thomas"]
[Black "Elsness, Frode"]
[Result "0-1"]
[WhiteElo "2460"]
[BlackElo "2450"]
[Annotator "TA"]
[PlyCount "132"]
[EventDate "2018.10.12"]
[EventType "team-tourn"]
[EventCountry "GRE"]
[SourceTitle "playchess.com"]
[Source "ChessBase"]
[SourceQuality "1"]
[WhiteTeam "Apeldoorn"]
[BlackTeam "SK Oslo"]

1. e4 c6 2. d4 d5 3. Nd2 dxe4 4. Nxe4 Bf5 5. Ng3 Bg6 6. Nh3 Nf6 7. Bc4 Nbd7 8. Nf4 e6 9. h4 Bd6 10. h5 Be4 11. Qe2 Bd5 12. Nf5 Bxf4 13. Bxf4 O-O 14. Ne3 Bxc4 15. Nxc4 h6 16. O-O-O b5 17. Ne5 Nxe5 18. dxe5 Nd5 19. Bd2 f5 20. exf6 Qxf6 21. f3 Rae8 22. Rde1 e5 23. Qe4 Qf5 24. Rh4 Re6 25. Qe2 Rfe8 26. Kb1 Nf4 27. Qf2 Qf7 28. Reh1 Nd5 29. Qg3 Kh8 30. a3 e4 31. Rxe4 Rxe4 32. fxe4 Rxe4 33. Qd3 Qe8 34. Rf1 Kg8 35. Rf3 Qe6 36. Rf1 Nf6 37. Qg3 Nxh5 38. Qb8+ Kh7 39. Qxa7 Re2 40. Bc3 Qe4 41. Qd7 Qxg2 42. Rf5 Qg4 43. Qf7 Qg6 44. Qf8 Re8 45. Qf7 Ng3 46. Rf6 Qxf7 47. Rxf7 Rg8 48. b3 h5 49. a4 bxa4 50. bxa4 h4 51. a5 h3 52. Rf2 g5 53. Be5 Ne4 54. Re2 Re8 55. Rxe4 h2 56. Re1 Rxe5 57. Rh1 Rxa5 58. Rxh2+ Kg6 59. Rh8 g4 60. c4 Rc5 61. Kc2 Rxc4+ 62. Kd3 Rf4 63. Ke3 Rf6 64. Ke4 Kg5 65. Ke5 Rg6 66. Ke4 Re6+ 0-1

[Event "34th European Club Cup 2018"]
[Site "Halkidiki"]
[Date "2018.10.15"]
[Round "4"]
[White "Forster, Richard"]
[Black "Ris, Robert"]
[Result "1/2-1/2"]
[WhiteElo "2460"]
[BlackElo "2435"]
[Annotator "TA"]
[PlyCount "64"]
[EventDate "2018.10.12"]
[EventType "team-tourn"]
[EventCountry "GRE"]
[SourceTitle "playchess.com"]
[Source "ChessBase"]
[SourceQuality "1"]
[WhiteTeam "Winterthur"]
[BlackTeam "BSG"]

1. Nf3 d5 2. g3 g6 3. c4 dxc4 4. Qa4+ Nc6 5. Bg2 Bg7 6. O-O e5 7. Nxe5 Bxe5 8. Bxc6+ bxc6 9. Qxc6+ Bd7 10. Qe4 f6 11. f4 Bf5 12. Qc6+ Bd7 13. Qe4 Bf5 14. Qe3 Qd4 15. fxe5 Qxe3+ 16. dxe3 fxe5 17. e4 Bxe4 18. Nd2 Bd5 19. e4 Be6 20. Nf3 Nf6 21. Nxe5 Nxe4 22. Re1 Bd5 23. Nxc4 O-O 24. Bh6 Nf2 25. Bxf8 Rxf8 26. h4 Bxc4 27. Rec1 Bd5 28. Rxc7 Be6 29. Re1 Nh3+ 30. Kh1 Nf2+ 31. Kg1 Nh3+ 32. Kh1 Nf2+ 1/2-1/2

[Event "34th European Club Cup 2018"]
[Site "Halkidiki"]
[Date "2018.10.15"]
[Round "4"]
[White "Riemersma, Li"]
[Black "Georgiadis, Nico"]
[Result "1/2-1/2"]
[WhiteElo "2460"]
[BlackElo "2526"]
[Annotator "ChessBase"]
[PlyCount "69"]
[EventDate "2018.10.12"]
[EventType "team-tourn"]
[EventCountry "GRE"]
[SourceTitle "playchess.com"]
[Source "ChessBase"]
[SourceQuality "1"]
[WhiteTeam "BSG"]
[BlackTeam "Winterthur"]

1. c4 Nf6 2. Nf3 e6 3. g3 d5 4. Bg2 d4 5. O-O c5 6. e3 Nc6 7. exd4 cxd4 8. d3 Bd6 9. Bg5 h6 10. Bxf6 Qxf6 11. Nbd2 Qd8 12. a3 a5 13. Rc1 O-O 14. c5 Be7 15. Re1 a4 16. Rc4 Qa5 17. Ne5 Nxe5 18. Rxe5 Bf6 19. Re1 e5 20. Rc2 Rb8 21. Ne4 Be7 22. Qd2 Qa6 23. Qe2 Bf5 24. g4 Be6 25. h3 Rbc8 26. Nd6 Bxd6 27. cxd6 Rxc2 28. Qxc2 Rc8 29. Qd2 Qxd6 30. Bxb7 Rb8 31. Bg2 Rb3 32. Rc1 Qe7 33. Be4 Qg5 34. Qxg5 hxg5 35. Rc5 1/2-1/2

[Event "34th European Club Cup 2018"]
[Site "Halkidiki"]
[Date "2018.10.15"]
[Round "4"]
[White "Brunner, Lucas"]
[Black "Parkhov, Yair"]
[Result "1/2-1/2"]
[WhiteElo "2457"]
[BlackElo "2331"]
[Annotator "ChessBase"]
[PlyCount "72"]
[EventDate "2018.10.12"]
[EventType "team-tourn"]
[EventCountry "GRE"]
[SourceTitle "playchess.com"]
[Source "ChessBase"]
[SourceQuality "1"]
[WhiteTeam "Zurich"]
[BlackTeam "Rehovot"]

1. e4 c5 2. Nf3 d6 3. Bb5+ Nd7 4. c3 Ngf6 5. Qe2 a6 6. Ba4 b5 7. Bc2 e5 8. O-O Be7 9. d4 O-O 10. a4 Bb7 11. d5 c4 12. axb5 axb5 13. Rxa8 Qxa8 14. Na3 Ba6 15. Bg5 Qb7 16. Rb1 Nc5 17. Qe1 Rb8 18. Bd2 Bd8 19. Ng5 Ba5 20. Nh3 b4 21. cxb4 Bxb4 22. f3 Nd3 23. Bxd3 cxd3 24. Bxb4 Qxb4 25. Qxb4 Rxb4 26. Kf2 Nd7 27. Ke3 Nc5 28. Nf2 g6 29. g4 Na4 30. b3 Nc5 31. Rb2 Kg7 32. Nb1 Nxb3 33. Nxd3 Bxd3 34. Nd2 Bc2 35. Rxc2 Nxd2 36. Kxd2 Kf6 1/2-1/2

[Event "34th European Club Cup 2018"]
[Site "Halkidiki"]
[Date "2018.10.15"]
[Round "4"]
[White "Kaczmarczyk, Dennis"]
[Black "Van der Heijden, Ton"]
[Result "1/2-1/2"]
[WhiteElo "2442"]
[BlackElo "2300"]
[Annotator "NA"]
[PlyCount "74"]
[EventDate "2018.10.12"]
[EventType "team-tourn"]
[EventCountry "GRE"]
[SourceTitle "playchess.com"]
[Source "ChessBase"]
[SourceQuality "1"]
[WhiteTeam "Winterthur"]
[BlackTeam "BSG"]

1. d4 Nf6 2. c4 c5 3. d5 b5 4. cxb5 a6 5. e3 g6 6. Nc3 Bg7 7. Nf3 O-O 8. a4 e6 9. dxe6 fxe6 10. Be2 axb5 11. Bxb5 d5 12. O-O Bb7 13. Re1 Nc6 14. h3 Qe7 15. Bd2 Rad8 16. Bf1 Kh8 17. Ra3 e5 18. a5 e4 19. Nh2 Ne5 20. Na4 Nh5 21. Be2 d4 22. Qc1 Qh4 23. Rf1 Nf3+ 24. Bxf3 exf3 25. Nxc5 fxg2 26. Nxb7 gxf1=Q+ 27. Qxf1 Rd7 28. a6 Ng3 29. fxg3 Rxf1+ 30. Nxf1 Qf6 31. a7 Rf7 32. a8=Q+ Bf8 33. Ra1 Qf2+ 34. Kh1 Qf3+ 35. Kg1 Qf2+ 36. Kh1 Qf3+ 37. Kg1 Qf2+ 1/2-1/2

[Event "34th European Club Cup 2018"]
[Site "Halkidiki"]
[Date "2018.10.15"]
[Round "4"]
[White "Hoffmann, Michael"]
[Black "Kazakovskiy, Valeriy"]
[Result "0-1"]
[WhiteElo "2441"]
[BlackElo "2405"]
[Annotator "NA"]
[PlyCount "88"]
[EventDate "2018.10.12"]
[EventType "team-tourn"]
[EventCountry "GRE"]
[SourceTitle "playchess.com"]
[Source "ChessBase"]
[SourceQuality "1"]
[WhiteTeam "Eynatten"]
[BlackTeam "Overtime"]

1. d4 Nf6 2. c4 e6 3. Nc3 Bb4 4. Qc2 d5 5. a3 Bxc3+ 6. Qxc3 dxc4 7. Qxc4 b6 8. Nf3 Ba6 9. Qc2 h6 10. g3 Bb7 11. Bg2 Be4 12. Qa4+ Nc6 13. O-O O-O 14. Be3 Qd7 15. Nd2 Bxg2 16. Kxg2 Qd5+ 17. Nf3 Na5 18. Rac1 Rac8 19. Bf4 g5 20. Be5 Ne4 21. g4 Nb3 22. Rc2 f6 23. Bg3 f5 24. h3 f4 25. Bh2 Ned2 26. Rd1 Nxf3 27. exf3 Rfd8 28. Qxa7 Nxd4 29. Rxd4 Qxd4 30. Rxc7 Rxc7 31. Qxc7 Rd7 32. Qc6 Qd6 33. Qe4 Kg7 34. h4 Qd5 35. Qc2 Qd6 36. h5 Qd3 37. Qc6 Qd6 38. Qe4 e5 39. a4 Ra7 40. Qc4 Re7 41. Qe4 Re6 42. Qb7+ Qe7 43. Qe4 Qd7 44. Qa8 e4 0-1

[Event "34th European Club Cup 2018"]
[Site "Halkidiki"]
[Date "2018.10.15"]
[Round "4"]
[White "Malikentzos, Sotirios"]
[Black "Navara, David"]
[Result "1/2-1/2"]
[WhiteElo "2441"]
[BlackElo "2740"]
[Annotator "TA"]
[PlyCount "101"]
[EventDate "2018.10.12"]
[EventType "team-tourn"]
[EventCountry "GRE"]
[SourceTitle "playchess.com"]
[Source "ChessBase"]
[SourceQuality "1"]
[WhiteTeam "Thessalonikis"]
[BlackTeam "Novy Bor"]

1. Nf3 d5 2. g3 c6 3. Bg2 Bg4 4. O-O Nd7 5. h3 Bh5 6. d4 e6 7. c4 Ngf6 8. cxd5 exd5 9. Ne5 Ne4 10. Bxe4 dxe4 11. Nc3 f5 12. Qb3 Nxe5 13. dxe5 Qe7 14. e6 Qb4 15. Rd1 Qxb3 16. axb3 Bb4 17. Rd7 O-O 18. Rxb7 a5 19. Bf4 Rfe8 20. Nd1 Bxe2 21. Ne3 g6 22. Nc4 Bc5 23. Be5 Bf8 24. Nb6 Rxe6 25. Nxa8 Rxe5 26. Rb8 Kg7 27. Nb6 Bb4 28. Rb7+ Kh6 29. Nc4 Bxc4 30. bxc4 e3 31. fxe3 Rxe3 32. Kg2 Re4 33. Rd1 Rxc4 34. Rdd7 Kg5 35. Rxh7 Rc2+ 36. Kf3 Rxb2 37. h4+ Kf6 38. Rb6 a4 39. Rxc6+ Ke5 40. Ra7 a3 41. Rb6 Bc5 42. Rxb2 axb2 43. Rb7 Bd4 44. g4 fxg4+ 45. Kxg4 Kd5 46. Rxb2 Bxb2 47. Kg5 Ke4 48. Kxg6 Bc1 49. h5 Ke5 50. h6 Bxh6 51. Kxh6 1/2-1/2

[Event "34th European Club Cup 2018"]
[Site "Halkidiki"]
[Date "2018.10.15"]
[Round "4"]
[White "Djurhuus, Rune"]
[Black "Zumsande, Martin"]
[Result "1-0"]
[WhiteElo "2439"]
[BlackElo "2492"]
[Annotator "TA"]
[PlyCount "93"]
[EventDate "2018.10.12"]
[EventType "team-tourn"]
[EventCountry "GRE"]
[SourceTitle "playchess.com"]
[Source "ChessBase"]
[SourceQuality "1"]
[WhiteTeam "Nordstrand"]
[BlackTeam "Bremen"]

1. e4 e6 2. d4 d5 3. Nd2 Be7 4. e5 c5 5. c3 Nc6 6. Bd3 Bd7 7. Ne2 cxd4 8. cxd4 Rc8 9. O-O Nh6 10. Nf3 Nf5 11. Bd2 Qb6 12. Bc3 g6 13. Qd2 h5 14. a3 Bf8 15. Bxf5 gxf5 16. h4 Bh6 17. Ng5 Qd8 18. f4 Ne7 19. Ng3 Ng6 20. Bb4 Bxg5 21. hxg5 h4 22. Nh1 h3 23. g3 h2+ 24. Kg2 Bb5 25. Rfc1 Kd7 26. Rxc8 Kxc8 27. Bd6 Bc6 28. b4 Bb5 29. a4 Bc4 30. b5 Kd7 31. Nf2 Rh7 32. Rh1 f6 33. Rxh2 Rxh2+ 34. Kxh2 fxg5 35. fxg5 b6 36. Kg2 Qh8 37. Ba3 Kc8 38. Qb4 Qd8 39. Nh3 Bd3 40. Qc3+ Bc4 41. Qb4 Bd3 42. Nf4 Qxg5 43. Nxg6 Qxg6 44. Qf8+ Kd7 45. Qe7+ Kc8 46. Bd6 Be4+ 47. Kf2 1-0

[Event "34th European Club Cup 2018"]
[Site "Halkidiki"]
[Date "2018.10.15"]
[Round "4"]
[White "Jens, Jelmer"]
[Black "Ivic, Velimir"]
[Result "0-1"]
[WhiteElo "2435"]
[BlackElo "2487"]
[Annotator "TA"]
[PlyCount "100"]
[EventDate "2018.10.12"]
[EventType "team-tourn"]
[EventCountry "GRE"]
[SourceTitle "playchess.com"]
[Source "ChessBase"]
[SourceQuality "1"]
[WhiteTeam "Leiden"]
[BlackTeam "Itaka"]

1. e4 c5 2. Nf3 d6 3. d4 cxd4 4. Nxd4 Nf6 5. Nc3 a6 6. Bg5 e6 7. f4 h6 8. Bh4 Be7 9. Qf3 Nc6 10. O-O-O Nxd4 11. Rxd4 Qb6 12. Rd1 Bd7 13. g4 Bc6 14. Bf2 Qa5 15. Bd3 b5 16. g5 hxg5 17. fxg5 Nd7 18. g6 fxg6 19. Qg4 b4 20. Qxg6+ Kd8 21. Ne2 Qg5+ 22. Qxg5 Bxg5+ 23. Kb1 Ne5 24. Nd4 Bd7 25. Bg3 Ke7 26. Be2 Rhf8 27. Nf3 Bf6 28. Rxd6 Kxd6 29. Nxe5 Bxe5 30. Rd1+ Ke7 31. Bxe5 Rf2 32. Bd6+ Kf6 33. Bc4 Bb5 34. Bg3 Rg2 35. Bb3 a5 36. a4 bxa3 37. Rd6 Ra6 38. e5+ Ke7 39. bxa3 Rxd6 40. exd6+ Kd7 41. c4 Bc6 42. Kc1 Re2 43. Bc2 a4 44. Bf4 Rg2 45. Bg3 g5 46. Be5 Rf2 47. Bg3 Re2 48. Bb1 Re3 49. Kb2 Rb3+ 50. Ka2 Rc3 0-1

[Event "34th European Club Cup 2018"]
[Site "Halkidiki"]
[Date "2018.10.15"]
[Round "4"]
[White "Sagit, Rauan"]
[Black "Sokolov, Ivan"]
[Result "0-1"]
[WhiteElo "2434"]
[BlackElo "2573"]
[Annotator "TA"]
[PlyCount "76"]
[EventDate "2018.10.12"]
[EventType "team-tourn"]
[EventCountry "GRE"]
[SourceTitle "playchess.com"]
[Source "ChessBase"]
[SourceQuality "1"]
[WhiteTeam "Team Viking"]
[BlackTeam "KGSRL"]

1. Nf3 d5 2. g3 c6 3. Bg2 Bg4 4. b3 e6 5. Bb2 a5 6. a3 Nf6 7. d3 Be7 8. Nbd2 Nbd7 9. O-O O-O 10. h3 Bh5 11. g4 Bg6 12. Nh4 Qc7 13. Nxg6 fxg6 14. e3 g5 15. Qe2 Rae8 16. c4 Bc5 17. Nf3 h6 18. cxd5 exd5 19. Bd4 Bd6 20. Rfc1 Rf7 21. Ra2 Nf8 22. Qb2 Ng6 23. Bxf6 Rxf6 24. Nd4 Be5 25. Bxd5+ Kh8 26. Be4 Nh4 27. Kh1 Bxd4 28. Qxd4 Rxe4 29. Qxe4 Nf3 30. Qe8+ Kh7 31. Qe4+ g6 32. Kg2 Qh2+ 33. Kf1 Qg1+ 34. Ke2 Nd4+ 35. Kd2 Rxf2+ 36. Kc3 Nb5+ 37. Kc4 Qxc1+ 38. Rc2 Qxc2# 0-1

[Event "34th European Club Cup 2018"]
[Site "Halkidiki"]
[Date "2018.10.15"]
[Round "4"]
[White "Bagi, Mate"]
[Black "Granda Zuniga, Julio E"]
[Result "1/2-1/2"]
[WhiteElo "2432"]
[BlackElo "2641"]
[Annotator "TA"]
[PlyCount "74"]
[EventDate "2018.10.12"]
[EventType "team-tourn"]
[EventCountry "GRE"]
[SourceTitle "playchess.com"]
[Source "ChessBase"]
[SourceQuality "1"]
[WhiteTeam "Dunajska Streda"]
[BlackTeam "Padova"]

1. e4 e5 2. Nf3 d6 3. d4 exd4 4. Nxd4 Nf6 5. Nc3 Be7 6. Be2 O-O 7. Bf4 Re8 8. Qd2 Bf8 9. f3 c6 10. O-O-O d5 11. exd5 Nxd5 12. Nxd5 Qxd5 13. Nb3 Qxd2+ 14. Rxd2 Nd7 15. Rhd1 Nb6 16. c4 Be6 17. Rc2 Bf5 18. Bd3 Bxd3 19. Rxd3 a5 20. Be3 a4 21. Nd2 Nd7 22. Rxd7 Rxe3 23. Ne4 Re1+ 24. Rd1 Rxd1+ 25. Kxd1 f5 26. Nf2 Bc5 27. Re2 Rd8+ 28. Kc2 b5 29. cxb5 cxb5 30. Nd3 Bd6 31. h3 Kf7 32. Kd1 Bg3 33. Rd2 Kf6 34. Nb4 Re8 35. Re2 Rd8+ 36. Rd2 Re8 37. Re2 Rd8+ 1/2-1/2

[Event "34th European Club Cup 2018"]
[Site "Halkidiki"]
[Date "2018.10.15"]
[Round "4"]
[White "Lauber, Arnd"]
[Black "Yuffa, Daniil"]
[Result "0-1"]
[WhiteElo "2431"]
[BlackElo "2563"]
[Annotator "TA"]
[PlyCount "82"]
[EventDate "2018.10.12"]
[EventType "team-tourn"]
[EventCountry "GRE"]
[SourceTitle "playchess.com"]
[Source "ChessBase"]
[SourceQuality "1"]
[WhiteTeam "Berlin"]
[BlackTeam "Molodezhka"]

1. d4 d5 2. c4 c6 3. Nc3 Nf6 4. e3 a6 5. Qc2 e6 6. Nf3 c5 7. a3 Nc6 8. dxc5 Bxc5 9. b4 Bd6 10. c5 Bc7 11. Bb2 O-O 12. Rd1 e5 13. Nxd5 Nxd5 14. Qb3 Qf6 15. Qxd5 Rd8 16. Qb3 Rxd1+ 17. Qxd1 Qg6 18. Be2 e4 19. Nh4 Qg5 20. g3 Bh3 21. Qc2 Be5 22. Bc1 Rd8 23. Bf1 Qg4 24. Bxh3 Bc3+ 25. Kf1 Qxh3+ 26. Ke2 Qg4+ 27. f3 exf3+ 28. Kf2 Ne5 29. Rd1 Be1+ 30. Kf1 Rxd1 31. Qxd1 Qc4+ 32. Kxe1 Nd3+ 33. Qxd3 Qxd3 34. Nxf3 Qc2 35. Bd2 Qb1+ 36. Ke2 Qa2 37. Ne5 Qxa3 38. Nd3 Qb3 39. Nf2 Qc4+ 40. Ke1 f5 41. Nd1 Qe4 0-1

[Event "34th European Club Cup 2018"]
[Site "Halkidiki"]
[Date "2018.10.15"]
[Round "4"]
[White "Zelbel, Patrick"]
[Black "Sotsky, Alexander"]
[Result "1-0"]
[WhiteElo "2429"]
[BlackElo "2330"]
[Annotator "NA"]
[PlyCount "63"]
[EventDate "2018.10.12"]
[EventType "team-tourn"]
[EventCountry "GRE"]
[SourceTitle "playchess.com"]
[Source "ChessBase"]
[SourceQuality "1"]
[WhiteTeam "Eynatten"]
[BlackTeam "Overtime"]

1. e4 e6 2. d4 d5 3. Nd2 dxe4 4. Nxe4 Bd7 5. Nf3 Bc6 6. Bd3 Bxe4 7. Bxe4 c6 8. c3 Nf6 9. Bc2 Bd6 10. O-O Qc7 11. Re1 Nbd7 12. Qe2 O-O 13. Bg5 Rfe8 14. Ne5 a5 15. Rad1 a4 16. a3 Ra5 17. Bf4 g6 18. g4 Nd5 19. Bd2 N5b6 20. f4 c5 21. Be4 f6 22. Nxd7 Nxd7 23. f5 gxf5 24. gxf5 e5 25. Kh1 Kh8 26. Rg1 Nb6 27. Bh6 Bf8 28. dxc5 Rxc5 29. Be3 Ra5 30. Bxb6 Qxb6 31. Rd7 Qb5 32. Rxh7+ 1-0

[Event "34th European Club Cup 2018"]
[Site "Halkidiki"]
[Date "2018.10.15"]
[Round "4"]
[White "Gunnarsson, Arnar"]
[Black "Schwerteck, Michael"]
[Result "0-1"]
[WhiteElo "2428"]
[BlackElo "2077"]
[Annotator "NA"]
[PlyCount "68"]
[EventDate "2018.10.12"]
[EventType "team-tourn"]
[EventCountry "GRE"]
[SourceTitle "playchess.com"]
[Source "ChessBase"]
[SourceQuality "1"]
[WhiteTeam "Reykjavik"]
[BlackTeam "Bonnevoie"]

1. c4 e5 2. Nc3 Bb4 3. g3 Bxc3 4. bxc3 d6 5. Bg2 Ne7 6. Nf3 c5 7. O-O O-O 8. d3 Nbc6 9. Ne1 Be6 10. Nc2 Qd7 11. Rb1 Rab8 12. Ne3 Bh3 13. Nd5 Bxg2 14. Kxg2 Nxd5 15. cxd5 Ne7 16. e4 b5 17. Bd2 f5 18. f3 Rfc8 19. Qe1 Rb7 20. f4 c4 21. fxe5 dxe5 22. d6 Qxd6 23. dxc4 Rxc4 24. exf5 Nd5 25. Kh3 a6 26. Rd1 Qf6 27. g4 h6 28. Qg3 Rbc7 29. g5 hxg5 30. Bxg5 Qf7 31. Qxe5 Qh5+ 32. Kg2 Qxg5+ 33. Kh1 Nf6 34. Rd3 Qg4 0-1

[Event "34th European Club Cup 2018"]
[Site "Halkidiki"]
[Date "2018.10.15"]
[Round "4"]
[White "Kjartansson, Gudmundur"]
[Black "Buhr, Carl Christian"]
[Result "1-0"]
[WhiteElo "2428"]
[BlackElo "2342"]
[Annotator "TA"]
[PlyCount "121"]
[EventDate "2018.10.12"]
[EventType "team-tourn"]
[EventCountry "GRE"]
[SourceTitle "playchess.com"]
[Source "ChessBase"]
[SourceQuality "1"]
[WhiteTeam "Reykjavik"]
[BlackTeam "Bonnevoie"]

1. c4 Nf6 2. Nf3 d6 3. d4 g6 4. g3 Bg7 5. Bg2 O-O 6. O-O c6 7. Nc3 a6 8. Bf4 Nbd7 9. a4 a5 10. e4 Nh5 11. Be3 e5 12. h3 f5 13. exf5 gxf5 14. dxe5 dxe5 15. Ng5 Qe8 16. Nd5 cxd5 17. Bxd5+ Kh8 18. Bf7 Rxf7 19. Qxh5 Kg8 20. Qxh7+ Kf8 21. Nxf7 Qxf7 22. Bh6 Nf6 23. Qh8+ Ng8 24. Rfd1 Be6 25. Bxg7+ Qxg7 26. Qxg7+ Kxg7 27. Rd6 Re8 28. b3 Nf6 29. Rb6 Ne4 30. Rxb7+ Kf6 31. Kg2 Rd8 32. Ra2 Rd3 33. Re2 Nc5 34. Rb5 Nxb3 35. Rbxe5 Bxc4 36. R2e3 Rd2 37. g4 Nd4 38. Rxa5 Bd3 39. Kg3 Rd1 40. Kh4 f4 41. g5+ Kg6 42. Rxd3 Rxd3 43. Kg4 Rd1 44. Ra6+ Kf7 45. h4 Rg1+ 46. Kxf4 Ne6+ 47. Ke5 Re1+ 48. Kf5 Ng7+ 49. Kf4 Ne6+ 50. Kf5 Ng7+ 51. Kf4 Ne6+ 52. Kg4 Re4+ 53. Kg3 Ng7 54. f4 Re1 55. Kf2 Rh1 56. f5 Rxh4 57. g6+ Ke8 58. f6 Rf4+ 59. Ke3 Nh5 60. Ra8+ Kd7 61. f7 1-0

[Event "34th European Club Cup 2018"]
[Site "Halkidiki"]
[Date "2018.10.15"]
[Round "4"]
[White "Hansen, Torbjorn Ringdal"]
[Black "Warmerdam, Max"]
[Result "1/2-1/2"]
[WhiteElo "2423"]
[BlackElo "2417"]
[Annotator "TA"]
[PlyCount "64"]
[EventDate "2018.10.12"]
[EventType "team-tourn"]
[EventCountry "GRE"]
[SourceTitle "playchess.com"]
[Source "ChessBase"]
[SourceQuality "1"]
[WhiteTeam "SK Oslo"]
[BlackTeam "Apeldoorn"]

1. e4 e5 2. Nf3 Nc6 3. Bb5 a6 4. Ba4 Nf6 5. O-O Bc5 6. c3 O-O 7. d4 Ba7 8. dxe5 Nxe4 9. Qd5 Nc5 10. Bc2 Ne7 11. Qd1 d5 12. exd6 Qxd6 13. Qxd6 cxd6 14. Be3 Bg4 15. Rd1 Bxf3 16. gxf3 d5 17. Nd2 Ne6 18. Nb3 Rfd8 19. Rd2 b5 20. Rad1 a5 21. a3 b4 22. axb4 axb4 23. cxb4 Bxe3 24. fxe3 Rab8 25. e4 Nf4 26. exd5 Rxd5 27. Rxd5 Nexd5 28. Nc5 Ne3 29. Rd2 Nc4 30. Rd7 Ne3 31. Rd2 Nc4 32. Rd7 Ne3 1/2-1/2

[Event "34th European Club Cup 2018"]
[Site "Halkidiki"]
[Date "2018.10.15"]
[Round "4"]
[White "Zawadzka, Jolanta"]
[Black "Sasikiran, Krishnan"]
[Result "0-1"]
[WhiteElo "2421"]
[BlackElo "2672"]
[Annotator "TA"]
[PlyCount "70"]
[EventDate "2018.10.12"]
[EventType "team-tourn"]
[EventCountry "GRE"]
[SourceTitle "playchess.com"]
[Source "ChessBase"]
[SourceQuality "1"]
[WhiteTeam "Thessalonikis"]
[BlackTeam "Novy Bor"]

1. e4 c6 2. d4 d5 3. Nd2 dxe4 4. Nxe4 Nf6 5. Nxf6+ exf6 6. c3 Bd6 7. Bd3 O-O 8. Ne2 Re8 9. Qc2 h5 10. O-O h4 11. Be3 Nd7 12. Rfe1 Nf8 13. Rad1 h3 14. g3 Qa5 15. c4 Qh5 16. Nf4 Bxf4 17. Bxf4 Bg4 18. Rc1 Ne6 19. Be3 Bf3 20. Qb3 Re7 21. Qb4 Rd7 22. Bf1 f5 23. Rc3 c5 24. dxc5 Bc6 25. Bc1 Nd4 26. Qa3 Rad8 27. Bf4 b6 28. b4 Ba8 29. Bd6 a5 30. Ree3 axb4 31. Qxb4 bxc5 32. Bxc5 f4 33. gxf4 Qg4+ 34. Rg3 Ne2+ 35. Bxe2 Rd1+ 0-1

[Event "34th European Club Cup 2018"]
[Site "Halkidiki"]
[Date "2018.10.15"]
[Round "4"]
[White "Willemze, Thomas"]
[Black "Gaehwiler, Gabriel"]
[Result "1/2-1/2"]
[WhiteElo "2408"]
[BlackElo "2439"]
[Annotator "TA"]
[PlyCount "67"]
[EventDate "2018.10.12"]
[EventType "team-tourn"]
[EventCountry "GRE"]
[SourceTitle "playchess.com"]
[Source "ChessBase"]
[SourceQuality "1"]
[WhiteTeam "BSG"]
[BlackTeam "Winterthur"]

1. e4 e5 2. Bc4 Nc6 3. Nf3 Be7 4. d4 exd4 5. c3 Nf6 6. e5 Ne4 7. Bd5 Nc5 8. cxd4 Ne6 9. Bb3 Na5 10. d5 Nxb3 11. axb3 Ng5 12. Nxg5 Bxg5 13. f4 Bh4+ 14. g3 O-O 15. O-O Be7 16. Be3 d6 17. Nc3 c6 18. dxc6 bxc6 19. exd6 Qxd6 20. Qxd6 Bxd6 21. Ne4 Re8 22. Nxd6 Rxe3 23. Rfe1 Rxe1+ 24. Rxe1 Be6 25. b4 g6 26. Rd1 Rb8 27. Rd4 Kf8 28. Ne4 Ke7 29. Nc5 Bd5 30. Kf2 Kd6 31. Ne4+ Ke7 32. Nc3 Be6 33. Ke3 h5 34. Na4 1/2-1/2

[Event "34th European Club Cup 2018"]
[Site "Halkidiki"]
[Date "2018.10.15"]
[Round "4"]
[White "Polzin, Rainer"]
[Black "Lomasov, Semyon"]
[Result "1/2-1/2"]
[WhiteElo "2397"]
[BlackElo "2540"]
[Annotator "ChessBase"]
[PlyCount "81"]
[EventDate "2018.10.12"]
[EventType "team-tourn"]
[EventCountry "GRE"]
[SourceTitle "playchess.com"]
[Source "ChessBase"]
[SourceQuality "1"]
[WhiteTeam "Berlin"]
[BlackTeam "Molodezhka"]

1. e4 e5 2. Nf3 Nc6 3. Bb5 a6 4. Ba4 Nf6 5. O-O Nxe4 6. d4 b5 7. Bb3 d5 8. Nxe5 Nxe5 9. dxe5 c6 10. Be3 Be7 11. c3 O-O 12. f3 Nc5 13. Bc2 f5 14. exf6 Rxf6 15. Nd2 Bf5 16. Bxf5 Rxf5 17. Nb3 Ne6 18. a4 Bd6 19. g3 Rf8 20. f4 Qe7 21. Re1 Qf7 22. Nd4 Nxd4 23. Bxd4 b4 24. Qd3 a5 25. Re2 bxc3 26. bxc3 Rfe8 27. Rae1 Rxe2 28. Qxe2 c5 29. Be5 Bf8 30. Qb5 h5 31. Rf1 h4 32. Qd3 d4 33. cxd4 cxd4 34. Rc1 hxg3 35. hxg3 Rd8 36. Rc7 Rd7 37. Rxd7 Qxd7 38. Qxd4 Qc6 39. Kh2 Qh6+ 40. Kg2 Qc6+ 41. Kh2 1/2-1/2

[Event "34th European Club Cup 2018"]
[Site "Halkidiki"]
[Date "2018.10.15"]
[Round "4"]
[White "Braun, Christian"]
[Black "Romanov, Evgeny"]
[Result "0-1"]
[WhiteElo "2396"]
[BlackElo "2614"]
[Annotator "TA"]
[PlyCount "38"]
[EventDate "2018.10.12"]
[EventType "team-tourn"]
[EventCountry "GRE"]
[SourceTitle "playchess.com"]
[Source "ChessBase"]
[SourceQuality "1"]
[WhiteTeam "Aachen"]
[BlackTeam "Valerenga"]

1. e4 c5 2. Nf3 Nc6 3. Bb5 g6 4. Bxc6 bxc6 5. O-O Bg7 6. Re1 Nh6 7. c3 O-O 8. d4 cxd4 9. cxd4 d5 10. e5 f6 11. exf6 exf6 12. Nc3 Bg4 13. h3 Bxf3 14. Qxf3 Nf5 15. Be3 Re8 16. Rad1 Qb6 17. Na4 Qb4 18. b3 Nxd4 19. Qf4 Ne2+ 0-1

[Event "34th European Club Cup 2018"]
[Site "Halkidiki"]
[Date "2018.10.15"]
[Round "4"]
[White "Buscher, Michael"]
[Black "Zymberi, Astrit"]
[Result "1-0"]
[WhiteElo "2393"]
[BlackElo "2115"]
[Annotator "TA"]
[PlyCount "125"]
[EventDate "2018.10.12"]
[EventType "team-tourn"]
[EventCountry "GRE"]
[SourceTitle "playchess.com"]
[Source "ChessBase"]
[SourceQuality "1"]
[WhiteTeam "Echiquier Amaytois"]
[BlackTeam "Drejtesia"]

1. e4 c5 2. Nf3 e6 3. c3 Nf6 4. e5 Nd5 5. Bc4 d6 6. exd6 Bxd6 7. d4 Nc6 8. dxc5 Bxc5 9. O-O O-O 10. Nbd2 Nf6 11. Qe2 Be7 12. Nb3 Qc7 13. Bg5 Bd7 14. Bh4 Rac8 15. Bg3 Nd4 16. Nbxd4 Qxc4 17. Qxc4 Rxc4 18. Ne5 Rcc8 19. Nxd7 Nxd7 20. Nb5 a6 21. Nd6 Bxd6 22. Bxd6 Rfd8 23. Be7 Re8 24. Bg5 h6 25. Be3 Nf6 26. Rad1 Red8 27. Rxd8+ Rxd8 28. f3 Nd5 29. Bc1 b5 30. Kf2 g5 31. Rd1 Rc8 32. Rd4 Kg7 33. Ke2 f5 34. Bd2 Rc6 35. Kd3 Rd6 36. c4 bxc4+ 37. Kxc4 Rc6+ 38. Kd3 Kf6 39. h4 Kg6 40. hxg5 hxg5 41. b4 f4 42. g4 Kf6 43. a4 Ke5 44. Re4+ Kf6 45. Re1 Rd6 46. Kc2 Rc6+ 47. Kb3 Rc8 48. a5 Rc6 49. Re4 e5 50. Rc4 Rd6 51. Rc5 Ke6 52. b5 axb5 53. Rxb5 Kd7 54. Bc3 Kc6 55. Rb8 Nxc3 56. Rb6+ Kc5 57. Rxd6 Nb5 58. Rf6 Kd4 59. Rb6 Kc5 60. Kb2 e4 61. fxe4 Nd6 62. Rxd6 Kxd6 63. Kc3 1-0